| 000 | 01110pam a2200325 a 4500 | ||
|---|---|---|---|
| 001 | 3999343 | ||
| 003 | Ke-BoTe | ||
| 005 | 20220607094325.0 | ||
| 008 | 960806s1997 moua b 001 0 eng c | ||
| 010 | _a 96035520 | ||
| 020 | _a0815113315 | ||
| 040 |
_aDNLM/DLC _cDLC _dDLC |
||
| 050 | 0 | 0 |
_aRC954 _b.G4736 1997 |
| 060 | 1 | 0 | _aWY 152 G3773 1996 |
| 082 | 0 | 0 |
_a610.73/65 _220 |
| 245 | 0 | 0 |
_aGerontologic nursing : _bwholistic care of the older adult / _c[edited by] Mary M. Burke, Mary B. Walsh. |
| 250 | _a2nd ed. | ||
| 260 |
_aSt. Louis : _bMosby ; _cc1997. |
||
| 300 |
_axv, 650 p . : _bill. (some col.) ; _c24 cm . |
||
| 500 | _a"With 100 illustrations." | ||
| 504 | _aIncludes bibliographical references and index. | ||
| 650 | 0 | _aGeriatric nursing. | |
| 650 | 0 |
_aFrail elderly _xMedical care. _97682 |
|
| 650 | 1 | 2 | _aGeriatric Nursing. |
| 700 | 1 |
_aBurke, Mary M. _97681 |
|
| 700 | 1 |
_aWalsh, Mary B. _94999 |
|
| 906 |
_a7 _bcbc _corignew _d1 _eocip _f19 _gy-gencatlg |
||
| 942 |
_2lcc _cBK _n0 |
||
| 999 |
_c3643 _d3643 |
||